Verbes irréguliers anglais (Traduction) - Statistiques

Statistiques générales
  • Ce quiz a été pris 202 fois
  • Le résultat moyen est 66 sur 122
Statistiques - réponses
Base Verbale Prétérit Participe passé Traduction % Correct
Drive Drove Driven conduire
99%
Cut Cut Cut couper
96%
Do Did Done faire
95%
Speak Spoke Spoken parler
94%
Fall Fell Fallen tomber
92%
Find Found Found trouver
92%
Go Went Gone aller
87%
Ride Rode Ridden aller
87%
Draw Drew Drawn dessiner
87%
Write Wrote Writen écrire
87%
Take Took Taken prendre
87%
Sing Sang Sung chanter
86%
Say Said Said dire
86%
Tell Told Told dire
86%
Think Thought Thought penser
86%
See Saw Seen voir
86%
Learn Learnt Learnt apprendre
85%
Burn Burnt Burnt brûler
82%
Dream Dreamt Dreamt rêver
81%
Fly Flew Flown voler
81%
Steal Stole Stolen voler
81%
Eat Ate Eaten manger
79%
Pay Paid Paid payer
79%
Smell Smelt Smelt sentir
78%
Catch Caught Caught attraper
77%
Have Had Had avoir
76%
Understand Understood Understood comprendre
76%
Build Built Built construire
75%
Be Was/Were Been être
75%
Beat Beat Beaten battre
74%
Drink Drank Drunk boire
73%
Keep Kept Kept garder
73%
Light Lit Lit allumer
71%
Give Gave Given donner
71%
Bet Bet Bet parier
71%
Meet Met Met rencontrer
71%
Wake Woke Woken réveiller
71%
Read Read Read lire
70%
Know Known Known savoir
70%
Become Became Become devenir
69%
Grow Grew Grown grandir
69%
Put Put Put mettre
69%
Swim Swam Swum nager
69%
Come Came Come venir
69%
Choose Chose Chose choisir
67%
Run Ran Run courir
67%
Shoot Shot Shot tirer
67%
Sleep Slept Slept dormir
66%
Bite Bit Bitten mordre
66%
Forget Forgot Forgotten oublier
66%
Wear Wore Wore porter
65%
Strike Struck Struck frapper
64%
Hit Hit Hit frapper
64%
Win Won Won gagner
64%
Buy Bought Bought acheter
63%
Feed Fed Fed nourrir
63%
Lose Lost Lost perdre
63%
Cost Cost Cost coûter
61%
Let Let Let laisser
61%
Begin Began Begun commencer
60%
Sell Sold Sold vendre
60%
Hide Hid Hid cacher
59%
Send Sent Sent envoyer
59%
Show Showed Shown montrer
59%
Hold Held Held tenir
59%
Hear Heard Heard entendre
58%
Hurt Hurt Hurt blesser
57%
Freeze Froze Frozen geler
57%
Shine Shone Shone briller
56%
Teach Taught Taught enseigner
55%
Awake Awoke Awoken se réveiller
53%
Spell Spelt Spelt épeler
52%
Bring Brought Brought apporter
51%
Spend Spent Spent dépenser
51%
Lead Led Led mener
51%
Throw Threw Thrown jeter
49%
Cast Cast Cast jeter
49%
Swear Swore Sworn jurer
49%
Forgive Forgave Forgiven pardonner
48%
Make Made Made fabriquer
47%
Stick Stuck Stuck coller
46%
Shut Shut Shut fermer
45%
Forbid Forbade Forbidden interdire
45%
Leave Left Left quitter
44%
Ring Rang Rung sonner
44%
Fight Fought Fought combattre
43%
Rise Rose Risen s'élever
42%
Mean Meant Meant signifier
41%
Dig Dug Dug creuser
40%
Get Got Got obtenir
40%
Blow Blew Blown souffler
38%
Break Broke Broken briser
37%
Seek Sought Sought chercher
34%
Sweep Swept Swept balayer
30%
Burst Burst Burst éclater
29%
Lend Lent Lent prêter
27%
Shake Shook Shaken mélanger
26%
Weep Wept Wept pleurer
26%
Sink Sank Sunk couler
25%
Bear Bore Borne supporter
24%
Undo Undid Undone défaire
22%
Stand Stood Stood être debout
22%
Feel Felt Felt se sentir
22%
Hang Hung Hung pendre
21%
Swing Swung Swung balancer
19%
Tear Tore Tore déchirer
18%
Foresee Foresaw Foreseen prévoir
18%
Spread Spread Spread étaler
17%
Bend Bent Bent courber
16%
Breed Bred Bred élever
15%
Sit Sat Sat être assis
15%
Leap Leapt Leapt sauter
15%
Creep Crept Crept ramper
10%
Spring Sprang Sprung bondir
7%
Set Set Set fixer
7%
Lean Leant Leant s'appuyer
7%
Lie Lay Lain être étendu
4%
Undergo Underwent Undergone subir
4%
Lay Laid Laid poser à plat
3%
Upset Upset Upset renverser
3%
Deal Dealt Dealt distrubuer
1%
Overcome Overcame Overcome vaincre
0%
Aucun quiz correspondant
Distribution des résultats
% des personnes avec chaque résultat
Percentile par nombre de réponses
Votre historique - résultats
Vous n’avez pas pris ce quiz